000 00214 a2200097 4500
001 13376
100 _aMorgenthav, H J
245 _aPolitics among nations
260 _aNew York
_bAlfred a
_c
090 _c10392
_d10392
942 _aNUST-CAE
_cM
_c439
999 _c248449
_d248449